000
00362cam a2200169ua 4500
020
_c
2.00
041
_a
hin
_h
082
_a
891.43
_b
KRI/DA
100
_a
Krishan , Chandar .
245
_a
Darwaze khol do
260
_a
:
_b
Lattabari Sasakaran ,
_c
1964.
300
_a
122 ; .
365
_a
2.00
504
_a
942
_c
BK
999
_c
3408
_d
3408